000 00297nam a2200121Ia 4500
100 _aNational Productivity Council
942 _cBK
654 _aIndustry
245 _aProductivity Journal On Small Industry
260 _bNational Productivity Council
_c2001
082 _a670
546 _aENGLISH
999 _c23167
_d23167